| 000 | 01810nam0a2200361 4500 | ||
|---|---|---|---|
| 001 | RU\NLR\bibl\1221175 | ||
| 005 | 20260407124412.0 | ||
| 010 |
_a978-5-9783-0032-1 _9300 |
||
| 021 |
_aRU _b2008-30590 _91691 |
||
| 035 | _a(NLR Aleph) 001207527 | ||
| 090 |
_a57145 _c57145 |
||
| 100 | _a20080428d2008 |||y0rusy50 ca | ||
| 101 | 0 | _arus | |
| 102 | _aRU | ||
| 105 | _aa ||||||||| | ||
| 200 | 1 |
_aАктуальные проблемы состояния здоровья медицинских работников _eмонография _f[И.А. Камаев, М.С. Гурьянов, Р.М. Зайцев и др.] _gМ-во здравоохранения и социал. развития Рос. Федерации, Нижегор. гос. мед. акад. |
|
| 210 |
_aНижний Новгород _cИзд-во НГМА _d2008 |
||
| 215 |
_a233, [1] с. _cил. _d20 |
||
| 300 | _aАвт. указаны на обороте тит. л. | ||
| 300 | _aКн. фактически изд. в 2007 г. | ||
| 320 | _aБиблиогр.: 230-234 (47 назв.) | ||
| 606 | 1 |
_aМедицинские работники _xЗдоровье _91527410 _3RU\NLR\auth\66664732 |
|
| 686 | _aР11(2)п8 | ||
| 701 | 1 |
_aКамаев _bИ. А. _gИгорь Александрович _4070 |
|
| 701 | 1 |
_aГурьянов _bМ. С. _gМаксим Сергеевич _4070 |
|
| 701 | 1 |
_4070 _8rus _7ca _aЗайцев _bР. М. _cканд. мед. наук _f1954- _gРоман Михайлович _3RU\NLR\auth\7765283 _948212 |
|
| 712 | 0 | 2 |
_4570 _aНижегородская государственная медицинская академия _3RU\NLR\AUTH\889965730 _9427722 |
| 801 | 0 |
_aRU _bNLR _c20080428 _gRCR |
|
| 801 | 1 |
_aRU _bNLR _c20080428 |
|
| 830 | _aавт. по базе | ||
| 942 | _cBOOK | ||
| 980 | _aNB | ||